Oola the Owl who lost her Hoot (Record no. 11825)

MARC details
000 -LEADER
fixed length control field 00271nam a22000977a 4500
008 - FIXED-LENGTH DATA ELEMENTS--GENERAL INFORMATION
fixed length control field 200225b ||||| |||| 00| 0 eng d
020 ## - INTERNATIONAL STANDARD BOOK NUMBER
International Standard Book Number 9781780654874
100 ## - MAIN ENTRY--PERSONAL NAME
Personal name Bugbird Tim
9 (RLIN) 7502
245 ## - TITLE STATEMENT
Title Oola the Owl who lost her Hoot
260 ## - PUBLICATION, DISTRIBUTION, ETC. (IMPRINT)
Place of publication, distribution, etc. Nashville
Name of publisher, distributor, etc. Make Believe Ideas
Date of publication, distribution, etc. 2011
Holdings
Withdrawn status Lost status Source of classification or shelving scheme Damaged status Koha normalized classification for sorting Not for loan Home library Current library Shelving location Date acquired Total Checkouts Full call number Barcode Date last seen Price effective from Koha item type
    Dewey Decimal Classification   823_000000000000000_JUNLIB   Good Samaritan School Library Good Samaritan School Library FICTION 02/25/2020   823 JUNLIB BUG15993 02/25/2020 02/25/2020 BOOK

Powered by Koha